书目信息 |
| 题名: |
大数据背景下智库决策支持信息保障协同创新机制研究
|
|
| 作者: | 赵豪迈 著 | |
| 分册: | ||
| 出版信息: | 北京 科学出版社 2024.12 |
|
| 页数: | 234页 | |
| 开本: | 26cm | |
| 丛书名: | ||
| 单 册: | ||
| 中图分类: | C932.82 | |
| 科图分类: | ||
| 主题词: | 思想库--决策支持系统--研究--中国 | |
| 电子资源: | ||
| ISBN: | 978-7-03-079757-5 | |
| 000 | 01363nam0 2200253 450 | |
| 001 | 013304585 | |
| 005 | 20251022163431.15 | |
| 010 | @a978-7-03-079757-5@dCNY150.00 | |
| 100 | @a20241217d2024 em y0chiy0120 ea | |
| 101 | 0 | @achi |
| 102 | @aCN@b110000 | |
| 105 | @aa z 000yy | |
| 106 | @ar | |
| 200 | 1 | @a大数据背景下智库决策支持信息保障协同创新机制研究@9da shu ju bei jing xia zhi ku jue ce zhi chi xin xi bao zhang xie tong chuang xin ji zhi yan jiu@f赵豪迈著 |
| 210 | @a北京@c科学出版社@d2024.12 | |
| 215 | @a234页@c图@d26cm | |
| 300 | @a国家社科基金项目成果 陕西师范大学优秀著作出版基金资助出版 | |
| 330 | @a本书借鉴世界一流智库和其他行业的大数据决策支持信息保障体系建设经验和运行机制,结合中国特色新型智库建设业务需求,梳理智库研究力量、研究条件和研究资源,探索以社会化云端数据资源为依托,以工程化理论为基础,以开放式集成化技术工具为载体,以具有创造性的研究人员为智力支撑的协同创新机制,构建大数据环境下智库决策支持信息保障协同创新理论、方法及其体系,推动我国智库大数据决策支持信息保障能力提升。 | |
| 510 | 1 | @aResearch on the collaborative innovation mechanism of information assurance in think tank decision support under the background of big data@zeng |
| 606 | 0 | @a思想库@x决策支持系统@x研究@y中国 |
| 690 | @aC932.82@v5 | |
| 701 | 0 | @a赵豪迈@9zhao hao mai@4著 |
| 801 | 0 | @aCN@c20250910 |
| 905 | @a河南城建学院图书馆@dC932.82@eZ304@ZZ304@f1 | |
| 大数据背景下智库决策支持信息保障协同创新机制研究/赵豪迈著.-北京:科学出版社,2024.12 |
| 234页:图;26cm |
| 国家社科基金项目成果 陕西师范大学优秀著作出版基金资助出版 |
| ISBN 978-7-03-079757-5:CNY150.00 |
| 本书借鉴世界一流智库和其他行业的大数据决策支持信息保障体系建设经验和运行机制,结合中国特色新型智库建设业务需求,梳理智库研究力量、研究条件和研究资源,探索以社会化云端数据资源为依托,以工程化理论为基础,以开放式集成化技术工具为载体,以具有创造性的研究人员为智力支撑的协同创新机制,构建大数据环境下智库决策支持信息保障协同创新理论、方法及其体系,推动我国智库大数据决策支持信息保障能力提升。 |
| ● |
| 相关链接 |
|
|
|
正题名:大数据背景下智库决策支持信息保障协同创新
索取号:C932.82/Z304
 
预约/预借
| 序号 | 登录号 | 条形码 | 馆藏地/架位号 | 状态 | 备注 |
| 1 | 1634437 | 216344374 | 社科库509/509社科库 65排3列2层/ [索取号:C932.82/Z304] | 在馆 |